Online Catalogue and eLibrary

The study of unemployment among women arts graduates (Record no. 2716)

MARC details
000 -LEADER
fixed length control field 00274nam a2200097Ia 4500
008 - FIXED-LENGTH DATA ELEMENTS--GENERAL INFORMATION
fixed length control field 240331s9999 xx 000 0 und d
082 ## - DDC Classification
Item Number - Author Mark STU
100 ## - MAIN ENTRY--PERSONAL NAME
Personal name Sri Lanka Federation of University Women. ed
245 #4 - TITLE STATEMENT
Title The study of unemployment among women arts graduates
942 ## - Koha item type (Biblio)
Koha item type Books in Stacks (Lending)
Holdings
Lost status Damaged status Collection code Home library Current library Shelving location Date acquired Full call number Accession Number Item type
    Lending WERC Library WERC Library Social Science Cupboard 03/31/2024 331.137 STU 437 Books in Stacks (Lending)

© WERC Library